Guess the Flag (Hard) - Statistics

General Stats
  • This quiz has been taken 512 times
  • The average score is 4 of 15
Answer Stats
Picture Answer % Correct
Kosovo
75%
Vanuatu
72%
French Polynesia
34%
Western Sahara
33%
Somaliland
31%
Northern Cyprus
28%
Abkhazia
23%
Transnistria
23%
South Ossetia
20%
Donetsk
12%
Nagorno Karabakh
9%
Marquesas
4%
Gambier Islands
3%
Luganks
2%
Tuamotu
2%
No matching quizzes found
Score Distribution
Percent of People with Each Score
Percentile by Number Answered
Your Score History
You have not taken this quiz